Statistics for 50 Most Valuable Argentine Players

Click here to take the quiz!

General Stats

  • This quiz has been taken 32 times
  • The average score is 23 of 50

Answer Stats

RankValue (€)ClubPlayer% Correct
2€80MInter MilanLautaro Martinez
100%
1€80MPSGLionel Messi
100%
8€35MAston VillaEmiliano Martinez
96%
29€12MAl-NassrGonzalo Martinez
96%
13€23MAjaxLisandro Martinez
96%
3€50MJuventusPaulo Dybala
96%
18€20MPSGAngel Di Maria
88%
12€27MTottenham HotspurGiovani Lo Celso
80%
10€35MTottenham HotspurCristian Romero
76%
15€22MPSGLeandro Paredes
76%
4€40MPSGMauro Icardi
76%
7€40MAtletico MadridAngel Correa
68%
11€30MLazioJoaquin Correa
68%
6€40MAtletico MadridRodrigo De Paul
68%
9€35MAston VillaEmiliano Buendia
64%
25€16MSevilla FCErik Lamela
64%
5€40MSevilla FCLucas Ocampos
60%
14€22MAjaxNicolas Tagliafico
60%
49€9MSevilla FCAlejandro Gomez
52%
47€10MBrighton & Hove AlbionAlexis Mac Allister
52%
28€13MBayer LeverkusenExequiel Palacios
48%
19€20MBayer LeverkusenLucas Alario
48%
26€15MSevilla FCMarcos Acuna
48%
16€22MReal BetisGuido Rodriguez
44%
36€10MWest Ham UnitedManuel Lanzini
44%
27€15MRiver PlateJulian Alvarez
40%
17€22MFiorentinaNicolas Gonzalez
40%
24€17MSevilla FCGonzalo Montiel
36%
23€18MFC BarcelonaSergio Aguero
36%
21€20MVelez SarsfieldThiago Almada
36%
20€20MAtalantaJuan Musso
32%
31€12MVillarreal CFJuan Foyth
28%
41€10MUdineseNahuel Molina
28%
50€9MFC PortoAgustin Marchesin
24%
39€10MOGC NiceWalter Benitez
24%
30€12MBoca JuniorsCristian Pavon
20%
44€10MRC LensFacundo Medina
20%
35€10MAtalantaJose Luis Palomino
20%
40€10MFiorentinaLucas Martinez Quarta
20%
22€19MFeyenoordMarcos Senesi
20%
46€10MBolognaNicolas Dominguez
20%
37€10MCA OsasunaChimy Avila
16%
33€11MCagliariGiovanni Simeone
16%
34€10MUdineseRoberto Pereyra
16%
32€12MIndependienteAlan Velasco
12%
42€10MMinnesota UnitedEmanuel Reynoso
12%
43€10MAtlanta UnitedEzequiel Barco
12%
48€10MClub Atletico LanusPedro De La Vega
12%
45€10MArgentinos Jrs.Fausto Vera
8%
38€10MColumbus CrewLucas Zelarayan
8%

Score Distribution

Percentile by Number Answered

Percent of People with Each Score

Your Score History

You have not taken this quiz